000 00745nam a2200265 i 4500
001 C2-0101801
003 PPAK
005 20210627220643.0
008 970531s1992 my a b | 0 may d
020 _a9679482413
_qpaperback
040 _aPPAK
_beng
_cPPAK
_erda
082 0 4 _a499.2386
_223
090 0 0 _a499.2386
_bSER
_dK
245 0 0 _aSeri embun pagi /
264 1 _aMelaka :
_bAssociated Educational Distributors,
_c1992
300 _a8 pages :
_billustrations ;
_c21 cm
336 _2rdacontent
_atext
337 _2rdamedia
_aunmediated
338 _2rdacarrier
_avolume
490 1 _aSiri mari membaca
500 _aPeringkat 3
650 1 0 _aMalay language
_vReaders (Primary)
830 0 _aSiri mari membaca
942 _cB
_2ddc
999 _c23535
_d23535